000 00486cam a2200193ua 4500
020 _c800.00
041 _aeng
_h
082 _a553.73
_bROO/MI
100 _aRoonwal, G S .
245 0 0 _aMineral resources and development /
_cG S Roonwal.
_hTextual Documents
260 _aDelhi :
_bDaya publishing house ,
_c2005.
300 _a220 ; .
365 _a800.00
504 _a
700 1 _aRanjbar, H .
700 1 _aShahriar, K .
942 _cBK
999 _c13303
_d13303